000 00745nam a22002417a 4500
003 OSt
005 20260128082429.0
008 260128b |||||||| |||| 00| 0 eng d
020 _a1-4051-1143-7.
040 _aDWCL-Mian lib
_cOC
082 _aGR. 302.2 B293l 2007
100 _aThomas A. Bailey
245 _aLiteracy :
_ban introduction to the ecology of written language
_cThomas A. Bailey
260 _aAustralia :
_bBlackwell Publishing,
_cc2007.
300 _axi, 245 pages ;
_c23 cm.
504 _aincludes bibliographical references and index.
650 _a1. Composition (Language arts).
650 _a2. Linguistics.
650 _a3 Literacy.
650 _a4. Reading.
700 _aBarton, David
942 _2ddc
_cGR
_kGR.
_n0
999 _c7916
_d7916